MARC details
| 000 -LEADER |
| fixed length control field |
01540cam a22003977i 4500 |
| 005 - DATE AND TIME OF LATEST TRANSACTION |
| control field |
20230607121736.0 |
| 008 - FIXED-LENGTH DATA ELEMENTS--GENERAL INFORMATION |
| fixed length control field |
210726t20202020nyua 001 0 eng d |
| 010 ## - LIBRARY OF CONGRESS CONTROL NUMBER |
| LC control number |
2021287272 |
| 020 ## - INTERNATIONAL STANDARD BOOK NUMBER |
| ISBN |
9781617297717 |
| Qualifying information |
(paperback) |
| 035 ## - SYSTEM CONTROL NUMBER |
| System control number |
(OCoLC)on1236793316 |
| 040 ## - CATALOGING SOURCE |
| Original cataloging agency |
MLSOD |
| Language of cataloging |
eng |
| Transcribing agency |
MLSOD |
| Description conventions |
rda |
| Modifying agency |
BDX |
| -- |
UUC |
| -- |
OCLCO |
| -- |
JRZ |
| -- |
NYP |
| -- |
OCLCF |
| -- |
DLC |
| 042 ## - AUTHENTICATION CODE |
| Authentication code |
lccopycat |
| 082 04 - DEWEY DECIMAL CLASSIFICATION NUMBER |
| Classification number |
006.31 |
| Edition number |
23 |
| Item number |
SHU-M |
| 100 1# - MAIN ENTRY--AUTHOR |
| Author Name |
Shukla,Nishant |
| 245 10 - TITLE STATEMENT |
| Title |
Machine Learning with TensorFlow / |
| Statement of responsibility, etc. |
Chris Mattmann ; foreword by Scott Penberthy. |
| 260 ## - PUBLICATION, DISTRIBUTION, ETC. |
| Place of Publication |
India |
| Name of publisher, distributor, etc. |
Manning |
| Date of publication, distribution, etc. |
2017 |
| 300 ## - PHYSICAL DESCRIPTION |
| Pages |
xxix, 240 pages : |
| 336 ## - CONTENT TYPE |
| Content type term |
text |
| Content type code |
txt |
| Source |
rdacontent |
| 337 ## - MEDIA TYPE |
| Media type term |
unmediated |
| Media type code |
n |
| Source |
rdamedia |
| 338 ## - CARRIER TYPE |
| Carrier type term |
volume |
| Carrier type code |
nc |
| Source |
rdacarrier |
| 500 ## - GENERAL NOTE |
| General note |
Includes index. |
| 650 #0 - SUBJECT ADDED ENTRY--TOPICAL TERM |
| Subject / Department |
Machine learning. |
| 650 #0 - SUBJECT ADDED ENTRY--TOPICAL TERM |
| Subject / Department |
Data mining. |
| 650 #0 - SUBJECT ADDED ENTRY--TOPICAL TERM |
| Subject / Department |
Computer algorithms. |
| 650 #0 - SUBJECT ADDED ENTRY--TOPICAL TERM |
| Subject / Department |
Programming languages (Electronic computers) |
| 650 #7 - SUBJECT ADDED ENTRY--TOPICAL TERM |
| Subject / Department |
Computer algorithms. |
| Source of heading or term |
fast |
| Authority record control number or standard number |
(OCoLC)fst00872010 |
| 650 #7 - SUBJECT ADDED ENTRY--TOPICAL TERM |
| Subject / Department |
Data mining. |
| Source of heading or term |
fast |
| Authority record control number or standard number |
(OCoLC)fst00887946 |
| 650 #7 - SUBJECT ADDED ENTRY--TOPICAL TERM |
| Subject / Department |
Machine learning. |
| Source of heading or term |
fast |
| Authority record control number or standard number |
(OCoLC)fst01004795 |
| 650 #7 - SUBJECT ADDED ENTRY--TOPICAL TERM |
| Subject / Department |
Programming languages (Electronic computers) |
| Source of heading or term |
fast |
| Authority record control number or standard number |
(OCoLC)fst01078704 |
| 700 1# - ADDED ENTRY--PERSONAL NAME |
| Personal name |
Penberthy, Scott, |
| 264 #1 - PRODUCTION, PUBLICATION, DISTRIBUTION, MANUFACTURE, AND COPYRIGHT NOTICE |
| Place of production, publication, distribution, manufacture |
Shelter Island, NY : |
| Name of producer, publisher, distributor, manufacturer |
Manning Publications Co., |
| Date of production, publication, distribution, manufacture, or copyright notice |
[2020] |
| 264 #4 - PRODUCTION, PUBLICATION, DISTRIBUTION, MANUFACTURE, AND COPYRIGHT NOTICE |
| Date of production, publication, distribution, manufacture, or copyright notice |
©2020 |
| 300 ## - PHYSICAL DESCRIPTION |
| -- |
illustrations ; |
| -- |
24 cm |
| 906 ## - LOCAL DATA ELEMENT F, LDF (RLIN) |
| a |
7 |
| b |
cbc |
| c |
copycat |
| d |
2 |
| e |
ncip |
| f |
20 |
| g |
y-gencatlg |
| 952 ## - LOCATION AND ITEM INFORMATION (KOHA) |
| -- |
0 |
| -- |
0 |